Statistiken für UEFA Europa Conference League Top 4

Klicken Sie hier um das Quiz zu spielen!

Allgemein

  • Dieses Quiz wurde 169 mal gespielt
    (78 seit der letzten Aktualisierung)
  • Das Durchschnittsergebnis liegt bei 4 aus 8

Antwortstatistiken

Antwort% Korrekt
AS Roma
97%
West Ham United FC
83%
ACF Fiorentina
62%
Feyenoord Rotterdam
48%
FC Basel
35%
AZ Alkmaar
30%
Olympique Marseille
17%
Leicester City FC
12%

Verteilung der Resultate

Perzentil nach korrekt beantworteten Fragen

Anzahl Personen mit jedem Resultat

Ihre Resultats-Entwicklung

Sie haben dieses Quiz seit der letzten Aktualisierung nicht gespielt